Countries of the World In Pig Latin - Statistics

General Stats
  • This quiz has been taken 63 times
  • The average score is 63 of 196
Answers on the Map
Answers color-coded by a green-red scale on the quiz's map according to % correct below.
 
Answer Stats
Country % Correct
anadacay
79%
ussiaray
72%
exicomay
69%
inachay
64%
azilbray
62%
ancefray
56%
ubacay
56%
apanjay
54%
erupay
54%
ongoliamay
54%
anamapay
51%
ilechay
51%
orwaynay
51%
enmarkday
49%
ermanygay
49%
Indiaway
49%
inlandfay
49%
oliviabay
49%
ostacay icaray
49%
ainspay
46%
araguaypay
46%
Argentinaway
46%
Australiaway
46%
edensway
46%
elizebay
46%
olombiacay
46%
ortugalpay
46%
urkeytay
46%
ahamasbay
44%
akistanpay
44%
enezuelavay
44%
ewnay ealandzay
44%
ietnamvay
44%
ondurashay
44%
uatemalagay
44%
adagascarmay
41%
alaysiamay
41%
angladeshbay
41%
aoslay
41%
ecuadorway
41%
elgiumbay
41%
olandpay
41%
urinamesay
41%
Afghanistanway
38%
ailandthay
38%
ambodiacay
38%
azakhstankay
38%
emenyay
38%
epalnay
38%
icaraguanay
38%
Icelandway
38%
ijifay
38%
Indonesiaway
38%
Iranway
38%
Irelandway
38%
uyanagay
38%
yanmarmay
38%
adchay
36%
aitihay
36%
amaicajay
36%
apuapay ewnay uineagay
36%
atvialay
36%
egyptway
36%
elarusbay
36%
etherlandsnay
36%
iribatikay
36%
Italyway
36%
omaniaray
36%
orthnay oreakay
36%
outhsay oreakay
36%
Unitedway atesstay
36%
Unitedway ingdomkay
36%
urkmenistantay
36%
Uruguayway
36%
ajikistantay
33%
Algeriaway
33%
Antiguaway andway arbudabay
33%
Armeniaway
33%
audisay Arabiaway
33%
Austriaway
33%
ederatedfay atesstay ofway icronesiamay
33%
emocraticday epublicray ofway ethay ongocay
33%
igerianay
33%
ilippinesphay
33%
Iraqway
33%
ithuanialay
33%
itzerlandsway
33%
omaliasay
33%
Omanway
33%
ominicaday
33%
ominicanday epublicray
33%
udansay
33%
Ukraineway
33%
ulgariabay
33%
utanbhay
33%
ahrainbay
31%
alimay
31%
atarqay
31%
echcz epublicray
31%
eecegray
31%
Elway alvadorsay
31%
enyakay
31%
eorgiagay
31%
ibyalay
31%
igernay
31%
ingaporesay
31%
isray ankalay
31%
ordanjay
31%
oroccomay
31%
ungaryhay
31%
yriasay
31%
Albaniaway
28%
amoasay
28%
Angolaway
28%
Azerbaijanway
28%
erbiasay
28%
Estoniaway
28%
oatiacray
28%
oldovamay
28%
ongatay
28%
osniabay andway erzegovinahay
28%
ovakiaslay
28%
oveniaslay
28%
uneibray
28%
unisiatay
28%
Uzbekistanway
28%
ypruscay
28%
yrgyzstankay
28%
aiwantay
26%
alaupay
26%
aldivesmay
26%
amibianay
26%
Andorraway
26%
arbadosbay
26%
auritaniamay
26%
enegalsay
26%
Ethiopiaway
26%
iboutidjay
26%
inidadtray andway obagotay
26%
Israelway
26%
ogotay
26%
osovokay
26%
outhsay Africaway
26%
outhsay udansay
26%
uvalutay
26%
uwaitkay
26%
abongay
23%
altamay
23%
ambiazay
23%
amerooncay
23%
anuatuvay
23%
anzaniatay
23%
aurunay
23%
eninbay
23%
olomonsay Islandsway
23%
ozambiquemay
23%
uineagay
23%
Unitedway Arabway Emiratesway
23%
urkinabay asofay
23%
aintsay ucialay
21%
ãosay ométay andway íncipepray
21%
apecay erdevay
21%
arshallmay Islandsway
21%
ebanonlay
21%
enadagray
21%
epublicray ofway ethay ongocay
21%
esotholay
21%
iberialay
21%
ontenegromay
21%
orthnay acedoniamay
21%
otswanabay
21%
Ugandaway
21%
urundibay
21%
uxembourglay
21%
aintsay ittskay andway evisnay
18%
ambiagay
18%
anaghay
18%
ansay arinomay
18%
aticanvay itycay
18%
eastway imortay
18%
eychellessay
18%
imbabwezay
18%
omoroscay
18%
onacomay
18%
aintsay incentvay andway ethay enadinesgray
15%
entralcay Africanway epublicray
15%
Eritreaway
15%
iechtensteinlay
15%
andarway
13%
auritiusmay
13%
Equatorialway uineagay
13%
Eswatiniway
13%
ierrasay eonelay
13%
alawimay
10%
Ivoryway oastcay
10%
uineagay-issaubay
10%
No matching quizzes found
Score Distribution
Percent of People with Each Score
Percentile by Number Answered
Your Score History
You have not taken this quiz